Duże miasta, które nie mają swoich klubów w Ekstraklasie - Statystyki

Ogólne statystyki
  • Ten quiz został rozwiązany 1 551 razy
  • Średni wynik to 12 z 15
Statystyki odpowiedzi
Miasto Klub/y % Poprawnych
Chorzów Ruch
94%
Sosnowiec Zagłębie
94%
Katowice GKS
92%
Bielsko-Biała Podbeskidzie/Stal
92%
Rzeszów Stal/Resovia
89%
Bytom Polonia/Bytovia
86%
Legnica Miedź
85%
Radom Radomiak
85%
Opole Odra
84%
Lublin Motor
83%
Olsztyn Stomil
77%
Toruń Elana
75%
Rybnik ROW
67%
Elbląg Olimpia
62%
Gorzów WLKP. Stilon
32%
Nie znaleziono quizów pasujących do podanych kryteriów
Rozkład punktacji
Procent ludzi z każdym wynikiem
Percentyl według liczby udzielonych odpowiedzi
Twoja historia wyników
Nie rozwiązałeś tego quizu